|
|
|
|
| LEADER |
01231cam a22002651i 4500 |
| 001 |
12629550 |
| 003 |
GR-PaULI |
| 005 |
20210117210526.0 |
| 008 |
171213s2002 us a f b 001 0 eng d |
| 010 |
|
|
|a 2001059758
|
| 020 |
|
|
|a 0807826987 (cloth : alk. paper)
|
| 020 |
|
|
|a 0807853674 (pbk. : alk. paper)
|
| 040 |
|
|
|a DLC
|c DLC
|d DLC
|d GR-PaULI
|b gre
|e AACR2
|
| 082 |
0 |
0 |
|a 792.8
|2 23
|
| 100 |
1 |
|
|a Foulkes, Julia L.
|e συγγραφέας
|
| 245 |
1 |
0 |
|a Modern bodies :
|b dance and American modernism from Martha Graham to Alvin Ailey /
|c Julia L. Foulkes.
|
| 260 |
|
|
|a Chapel Hill :
|b University of North Carolina Press,
|c c2002.
|
| 300 |
|
|
|a 257 σ. :
|b εικ. ;
|c 23 εκ.
|
| 504 |
|
|
|a Περιλαμβάνει βιβλιογραφία και ευρετήριο.
|
| 650 |
|
4 |
|a Χορός, Μοντέρνος
|z Ηνωμένες Πολιτείες Αμερικής.
|9 166082
|
| 856 |
4 |
2 |
|3 Publisher description
|u http://www.loc.gov/catdir/description/unc041/2001059758.html
|
| 942 |
|
|
|2 ddc
|c BK15
|
| 952 |
|
|
|0 0
|1 0
|2 ddc
|4 0
|6 792_800000000000000_FOU
|7 0
|9 218112
|a THST
|b THST
|d 2017-12-13
|i 008651
|l 1
|o 792.8 FOU
|p 025000199850
|r 2022-03-22 00:00:00
|s 2022-03-10
|t 1
|v 2017.00
|w 2017-12-13
|y BK15
|
| 998 |
|
|
|c ΜΑΝΙΑ
|d 2017-12
|
| 999 |
|
|
|c 132143
|d 132143
|